Score 0/17 Timer 04:00
0 Plays Today
Gimme one of the... Answer % Correct
… four biggest oceans???
77.9%
… two non-contiguous states of the USA???
69%
… four capitals of the countries bordering Israel???
59.3%
… three biggest cities in India???
54.9%
… two countries on Hispaniola???
51.3%
… two countries starting with a Z???
45.1%
… two capitals of the countries enclosed by India and China???
43.4%
… four four-corner US-states???
43.4%
… three capitals of the countries the Euphrates river runs through???
39.8%
Gimme one of the... Answer % Correct
… two island countries in the East China Sea???
38.9%
… three biggest islands of Canada???
34.5%
… three biggest Metro areas in Florida???
33.6%
… four capitals of the European countries beginning with an L???
29.2%
… four states that border Lake Michigan???
28.3%
… three countries sandwiched between Cote d´Ivoire and Nigeria???
25.7%
… two countries enclosed by China and India???
23%
… three biggest lakes in Africa???
15%
Remove Ads.
Support Sporcle.
Get the best of Sporcle when you Go Orange. This ad-free experience offers more features, more stats, and more fun while also helping to support Sporcle. Thank you for becoming a member.

You're not logged in!

Compare scores with friends on all Sporcle quizzes.
OR
Log In

Show Comments

Extras

Top Quizzes Today


Score Distribution

Your Account Isn't Verified!

In order to create a playlist on Sporcle, you need to verify the email address you used during registration. Go to your Sporcle Settings to finish the process.

Report this User

Report this user for behavior that violates our Community Guidelines.

Details: